000
00194 a2200097 4500
001
32717
100
_a
Bolton, G
245
_a
Detain
260
_a
London
_b
G A & Unwin
_c
090
_c
21916
_d
21916
942
_a
NUST-CAE
_c
_c
13243
999
_c
267790
_d
267790